Historia del tratamiento metalúrgico del azogue en España / (Record no. 53363)
[ view plain ]
| 000 -LEADER | |
|---|---|
| campo de control de longitud fija | 01104nam a22002415i 4500 |
| 001 - NÚMERO DE CONTROL | |
| campo de control | 53363 |
| 003 - IDENTIFICADOR DE NÚMERO DE CONTROL | |
| campo de control | ES-MaACL |
| 005 - FECHA Y HORA DE LA ÚLTIMA TRANSACCIÓN | |
| campo de control | 20250823063037.0 |
| 007 - CAMPO FIJO DE DESCRIPCIÓN FÍSICA--INFORMACIÓN GENERAL | |
| campo de control de longitud fija | t| |
| 008 - DATOS DE LONGITUD FIJA--INFORMACIÓN GENERAL | |
| campo de control de longitud fija | 950925s1878 sp ||||1| spa d |
| 040 ## - FUENTE DE CATALOGACIÓN | |
| Centro catalogador/agencia de origen | CAM |
| Lengua de catalogación | spa |
| Centro/agencia transcriptor | CAM |
| 080 ## - NÚMERO DE LA CLASIFICACIÓN DECIMAL UNIVERSAL | |
| Número de la Clasificación Decimal Universal | 669 |
| 100 1# - ENTRADA PRINCIPAL--NOMBRE DE PERSONA | |
| Nombre de persona | Escosura Morrogh, Luis de la, |
| Fechas asociadas al nombre | 1821-1904 |
| 9 (RLIN) | 126953 |
| 245 10 - MENCIÓN DEL TÍTULO | |
| Título | Historia del tratamiento metalúrgico del azogue en España / |
| Mención de responsabilidad, etc. | por Luis de la Escosura y Morrogh. |
| 260 ## - PUBLICACIÓN, DISTRIBUCIÓN, ETC. | |
| Lugar de publicación, distribución, etc. | Madrid : |
| Nombre del editor, distribuidor, etc. | [s.n.], |
| Fecha de publicación, distribución, etc. | 1878 ( |
| Fabricante | Manuel Tello) |
| 300 ## - DESCRIPCIÓN FÍSICA | |
| Extensión | 138, [2] p., [12] h. de lám. ; |
| Dimensiones | 28 cm. |
| 500 ## - NOTA GENERAL | |
| Nota general | Memoria premiada por la Escuela Especial de Ingenieros de Minas, con arreglo al programa inserto en la Gaceta de 20 de Mayo de 1876, para la adjudicación de premios por cuenta del legado hecho a la citada Escuela por José Gómez Pardo. |
| 650 #4 - PUNTO DE ACCESO ADICIONAL DE MATERIA--TÉRMINO DE MATERIA | |
| Término de materia o nombre geográfico como elemento de entrada | Mercurio (Metal)- |
| Subdivisión general | Metalurgia. |
| 9 (RLIN) | 136488 |
| 650 #4 - PUNTO DE ACCESO ADICIONAL DE MATERIA--TÉRMINO DE MATERIA | |
| Término de materia o nombre geográfico como elemento de entrada | Hornos metalúrgicos. |
| 9 (RLIN) | 140773 |
| 852 ## - LOCALIZACIÓN | |
| Ubicación | ES-MaACL |
| Número de control de estantería | G-2997 |
| 852 ## - LOCALIZACIÓN | |
| Ubicación | ES-MaACL |
| Número de control de estantería | C-1621 |
| Nota libre | .- Legado Federico de Botella y de Hornos |
| -- | .- Dedicatoria autógrafa del autor a Federico de Botella |
| Estatus retirado | Estado de pérdida | Estado de daño | No para préstamo | Colección | Biblioteca de origen | Biblioteca actual | Ubicación en estantería | Fecha de adquisición | Fuente de adquisición | Total de préstamos | Signatura topográfica completa | Código de barras | Visto por última vez | Precio de reemplazo | Tipo de ítem Koha |
|---|---|---|---|---|---|---|---|---|---|---|---|---|---|---|---|
| Libros del s. XIX | Biblioteca del Ateneo de Madrid | Biblioteca del Ateneo de Madrid | Ficheros | 18/06/2009 | C-1621 | 1180740 | 23/02/2023 | 23/02/2023 | Libro impreso antiguo | ||||||
| Libros del s. XIX | Biblioteca del Ateneo de Madrid | Biblioteca del Ateneo de Madrid | Depósito 2 | 17/01/2008 | G-2997 | 1056069 | 23/02/2023 | 23/02/2023 | Libro impreso antiguo |
